000
00357nam a2200145Ia 4500
008
231129s1985||||xx |||||||||||||| ||spa||
020
_a
84-7634-424-4
040
_b
spa
082
_a
808.3876 S935v
100
_a
Sturgeon Theodore
245
0
_a
Venus Mas X
260
_c
1985
264
_a
Orbis
942
_2
ddc
_c
BKS
999
_c
26180
_d
26180